Disney Character Mania Quiz Stats

 Plays Quiz Updated Jan 20, 2015

Also try: Disney Animals
Challenge
Share
Tweet
Embed
Score 0/75 Timer 12:00
5 Plays Today
% Correct
Belle
96.4%
Snow White
94.3%
Ariel
93.6%
Tarzan
92.7%
Aladdin
92.1%
Princess Jasmine
91.9%
Simba
91.2%
Alice
90.6%
Grumpy
90.5%
Sleepy
90.2%
Hercules
88.9%
Scar
88.7%
Jane
88.3%
Doc
88.2%
Dopey
87.4%
Pocahontas
87.2%
Sneezy
86.1%
Gaston
86%
Happy
85.5%
Genie
85.3%
Timon
84.9%
Beast
84.7%
Jafar
84.5%
Chip
82%
Nala
81.4%
Ursula
81.1%
Abu
81.1%
Mufasa
81.1%
Sebastian
80.5%
Mad Hatter
80.2%
Queen of Hearts
79.8%
Bashful
77.6%
Eric
77.2%
John Smith
77%
Mrs. Potts
76.3%
Flounder
75.5%
Cheshire Cat
72.8%
Hades
72.8%
% Correct
Tweedledee
71.7%
Lumiere
71%
Pumbaa
70.9%
King Triton
69.6%
Zeus and Hera
69.3%
Pegasus
68.6%
Tweedledum
68.6%
Iago
67%
White Rabbit
62.6%
Zazu
62.4%
Megara
61.2%
Cogsworth
61.1%
Rajah
58.4%
Rafiki
55.9%
Sultan
54.3%
Hermes
52.9%
Shenzi/Banzai/Ed
50.6%
Scuttle
46.3%
Caterpillar
46%
Philoctetes
45.7%
Flotsam and Jetsam
45.1%
Maurice
44.9%
Meeko
44.4%
Grandmother Willow
43.4%
Flit
42%
March Hare
40.9%
Pain and Panic
40.7%
Clayton
38.2%
Terk
33.5%
Governor Ratcliffe
33%
Tantor
32.7%
Percy
27.8%
Kocoum
25.6%
Kala
25.1%
Kerchak
24.3%
Archimedes Q. Porter
21.6%
Chief Powhatan
21%

You're not logged in!

Compare scores with friends on all Sporcle quizzes.
OR
Log In

You Might Also Like...

Show Comments

Extras

Top Quizzes Today


Score Distribution

Your Account Isn't Verified!

In order to create a playlist on Sporcle, you need to verify the email address you used during registration. Go to your Sporcle Settings to finish the process.

Report this User

Report this user for behavior that violates our Community Guidelines.

Details: